Summit v Johannesburgu je střetem civilizací
Úvahy Vladimíra Benáčeka a Mahendra Shahu o možnostiach nadnárodních akcií v záujme udržateľného rozvoja zemí sveta na svetovom summite v Johannesburgu. Pojem udržateľný rozvoj. Konflikt záujmov medzi rozvojovými a vyspelými krajinami. Pokusy o riešenie globálnych problémov ľudstva.
Salvato in:
| Autore principale: | |
|---|---|
| Altri autori: | |
| Natura: | Capitolo di libro |
| Lingua: | ceco |
| Soggetti: | |
| Tags: |
Nessun Tag, puoi essere il primo ad aggiungerne!!
|
MARC
| LEADER | 00000naa a2200000 4500 | ||
|---|---|---|---|
| 001 | r046293 | ||
| 005 | 20231004070749.3 | ||
| 041 | 0 | |a cze | |
| 044 | |a CZ | ||
| 245 | 1 | 0 | |a Summit v Johannesburgu je střetem civilizací |c Vladimír Benáček, Mahendra Shah |
| 520 | |a Úvahy Vladimíra Benáčeka a Mahendra Shahu o možnostiach nadnárodních akcií v záujme udržateľného rozvoja zemí sveta na svetovom summite v Johannesburgu. Pojem udržateľný rozvoj. Konflikt záujmov medzi rozvojovými a vyspelými krajinami. Pokusy o riešenie globálnych problémov ľudstva. | ||
| 610 | 2 | 0 | |a rozvoj trvalo udržateľný |
| 610 | 2 | 0 | |a hospodárstvo svetové |
| 610 | 2 | 0 | |a prostredie životné |
| 610 | 2 | 0 | |a summity |
| 610 | 2 | 0 | |a krajiny rozvojové |
| 610 | 2 | 0 | |a krajiny vyspelé |
| 610 | 2 | 0 | |a spolupráca medzinárodná |
| 100 | 1 | |a Benáček, Vladimír | |
| 700 | 1 | |a Shah, Mahendra | |